000 01042nam a2200265 i 4500
001 54635
003 ES-MaACL
005 20230906163005.0
007 t|
008 960725q1880 sp |||| | spa d
040 _aCAM
_bspa
_cCAM
080 _a821.134.2"18"
100 1 _aFuentes, José de.
_9139998
245 1 0 _aLo que no debe callarse
_b: monólogo crítico-burlesco, escrito bajo la impresión del drama Lo que no puede decirse, y dedicado a su autor el insigne poeta José de Echegaray /
_cpor J. Fuentes y C. Solsona.
260 _aMadrid :
_bCasa Editorial de Medina,
_c[ca. 1880] (
_fImp. Central a cargo de V. Saiz)
300 _a46 p. ;
_c19 cm.
530 _aDisponible en formato digital.
700 1 _aSolsona y Baselga, Conrado.
_9132808
700 1 _aEchegaray, José,
_d1832-1916
_946526
740 0 2 _aLo que no puede decirse.
852 _aES-MaACL
_jT-399-F-2
852 _aES-MaACL
_jT-303-F-1
856 _uhttps://archive.org/details/loquenodebecall00fuen/page/n1
_zInternet Archive
999 _c54635
_d54635